Central Library OPAC University of Rajshahi

پاکستان کی علاقائی زبانوں پر فارسی کا اثر ;; pakistan ki alaqai zabanon par farsi ka asar / (Record no. 85340)

MARC details
000 -LEADER
fixed length control field 00653naa a2200193 a 4500
001 - CONTROL NUMBER
control field 85340
003 - CONTROL NUMBER IDENTIFIER
rucl marc code BD-RjUL
005 - DATE AND TIME OF LATEST TRANSACTION
control field 20250728115613.0
008 - FIXED-LENGTH DATA ELEMENTS--GENERAL INFORMATION
fixed length control field 250728s195? |||||||| |||| 00| 0 urd d
035 ## - SYSTEM CONTROL NUMBER
System control number (BD-RjUL)85340
040 ## - CATALOGING SOURCE
Original cataloging agency BD-RjUL
Language of cataloging eng
Transcribing agency BD-RjUL
041 ## - LANGUAGE CODE
Language code of text/sound track or separate title urd
082 ## - DEWEY DECIMAL CLASSIFICATION NUMBER
Edition number 23
Classification number 891.439095491
Author mark and year ADA 195?
245 ## - TITLE STATEMENT
Title پاکستان کی علاقائی زبانوں پر فارسی کا اثر ;; pakistan ki alaqai zabanon par farsi ka asar /
260 ## - PUBLICATION, DISTRIBUTION, ETC. (IMPRINT)
Place of publication, distribution, etc. Karachi :
Name of publisher, distributor, etc. ادارہ مطبوعات پاکستان ,
Date of publication, distribution, etc. 195 ?
300 ## - PHYSICAL DESCRIPTION
Pagination 74 p. ;
Size 17 cm
650 ## - SUBJECT ADDED ENTRY--TOPICAL TERM
Topical term or geographic name as entry element Urdu literature
Form subdivision history & criticism
Geographic subdivision Pakistan
9 (RLIN) 16300
942 ## - ADDED ENTRY ELEMENTS (KOHA)
Source of classification or shelving scheme Dewey Decimal Classification
Koha item type Books
Holdings
Lost status Source of classification or shelving scheme Damaged status Not for loan Collection code Permanent Location Current Location Shelving location Date acquired Total Checkouts Full call number Date last seen Copy number Koha item type
  Dewey Decimal Classification   Not For Loan Non-fiction Central Library, University of Rajshahi Central Library, University of Rajshahi Reading Room 28/07/2025   U 891.439095491 ADA 195? 28/07/2025 C-1 Books